| 000 | 00761nam a22002057a 4500 | ||
|---|---|---|---|
| 005 | 20220125160923.0 | ||
| 008 | s2516 th tha d | ||
| 040 | _aNALT | ||
| 041 | _atha | ||
| 090 | _aอศ ว487ว 2516 | ||
| 245 | 1 | 0 | _aวัฒนธรรมบ้านเชียง ในสมัยก่อนประวัติศาสตร์ |
| 260 | 3 |
_aม.ป.ท. : _bม.ป.พ., _c2516 |
|
| 300 |
_a1 เล่ม : _b ภาพประกอบ ; _c 24 ซม. |
||
| 650 | 0 | 4 | _aบ้านเชียง |
| 650 | 0 | 4 | _aวาศ จุลละพราหมณ์ -- ชีวประวัติ |
| 850 | _aNALT | ||
| 856 | 4 | 0 | _uhttps://dl.parliament.go.th/handle/lirt/591030 |
| 942 |
_cCRE _2lcc |
||
| 998 |
_j4612 _k นางสาววัลยา พุ่มต้นวงค์ |
||
| 999 |
_c23644 _d23644 |
||